For the progress of marxist economics

में बचाया:
ग्रंथसूची विवरण
मुख्य लेखक: Foldi, Tamas
स्वरूप: पुस्तक
भाषा:Undetermined
प्रकाशित: Budapest Akademiai Kiado 1967
विषय:
टैग : टैग जोड़ें
कोई टैग नहीं, इस रिकॉर्ड को टैग करने वाले पहले व्यक्ति बनें!
Thư viện lưu trữ: Trung tâm Học liệu Trường Đại học Cần Thơ
LEADER 00480nam a2200181Ia 4500
001 CTU_81782
008 210402s9999 xx 000 0 und d
082 |a 335.4 
082 |b F663 
100 |a Foldi, Tamas 
245 0 |a For the progress of marxist economics 
245 0 |c Tamas Foldi 
260 |a Budapest 
260 |b Akademiai Kiado 
260 |c 1967 
650 |a Economics,Marxist 
904 |i Trọng Hải 
980 |a Trung tâm Học liệu Trường Đại học Cần Thơ